00319pab a2200121 454500008004000000100001900040245005700059260000900116300001200125362000900137650002500146773002600171180718b1988 xxu||||| |||| 00| 0 eng d aAbdalla, Ahmed aThe armed forces and the democratic process in Egypt c1988 a1452-66 aOct. aArmed Forces - Egypt aThird World Quarterly